000 00879nac a22002777a 4500
001 BR8902521
003 BR-BrBNA
005 20240105120950.0
008 230509b bl.|||m| |||| 00| 0 por d
040 _aBR-BrBNA
_bpor
_cBiblioteca Nacional de Agricultura
072 _aF70
090 _a1930 BR8902521
100 1 _aSarahyba, L.S.P.
100 1 _aLemos, F.S.P.
110 1 _aSociedade Botanica do Brasil, Rio de Janeiro, RJ (Brasil)
_99614
245 1 _aGramineae do Estado do Rio de Janeiro. Lista das especies
260 3 _aRio de Janeiro, RJ (Brasil):
_c1984.
300 _a12 p.
490 _aAtas da Sociedade Botanica do Brasil (Brazil)
_vv. 2(16)
_x
500 _aSummaries (En, Pt); 20 ref.
650 _aGRAMINEA
650 _aTAXONOMIA VEGETAL
650 _aRIO DE JANEIRO
909 _a202312
_bLúcia Elande
_c55
_dLúcia Elande
942 _2AGRIS
_n0
_cMS
999 _c282492
_d282492